<?xml version="1.0" encoding="UTF-8"?>
<record
    xmlns:xsi="http://www.w3.org/2001/XMLSchema-instance"
    xsi:schemaLocation="http://www.loc.gov/MARC21/slim http://www.loc.gov/standards/marcxml/schema/MARC21slim.xsd"
    xmlns="http://www.loc.gov/MARC21/slim">

  <leader>00315nam a2200109Ia 4500</leader>
  <controlfield tag="001">588642</controlfield>
  <controlfield tag="005">20250717120835.0</controlfield>
  <controlfield tag="008">250717s9999    xx            000 0 und d</controlfield>
  <datafield tag="245" ind1=" " ind2="0">
    <subfield code="a">V-5 TUZ DEDEKT&#x130;FLER&#x130; G&#xD6;R&#xDC;NEN&#x130;N ARDINDAK&#x130; GER&#xC7;EK</subfield>
    <subfield code="c">FATMA &#xC7;A&#x11E;DA&#x15E; &#xC7;&#xD6;REK&#xC7;&#x130;</subfield>
  </datafield>
  <datafield tag="260" ind1=" " ind2=" ">
    <subfield code="b">ERDEM YAYINLARI</subfield>
    <subfield code="c">2019</subfield>
  </datafield>
  <datafield tag="300" ind1=" " ind2=" ">
    <subfield code="b">78</subfield>
  </datafield>
  <datafield tag="999" ind1=" " ind2=" ">
    <subfield code="c">588642</subfield>
    <subfield code="d">588642</subfield>
  </datafield>
</record>
